00484nam a2200145 a 450000100100000000500170001000800410002704000250006808200130009324500240010626000460013030000340017695201110021099900170032100003941020201002031633.0130626s2002 dr ac 000 0 spa d aDO-SdBNPbspacBNPHU axxxbxxx00aInforme anual 2002. a[Santo Domingo] :bFalconbridge,c[2002]. a40 p. :bil., retr. ;c28 cm. 0010718PDaPDbPDcCTd2013-06-26iLF1l0oxxx xxxp39410-10r2020-06-25w2020-06-25yLFPDZNo se presta c38900d38900